Statistical Models with Linear Structures

Gespeichert in:
Bibliographische Detailangaben
1. Verfasser: Kubáček, Lubomír
Weitere Verfasser: Kubáčková, Ludmila, Volaufová, Júlia
Format: Buch
Sprache:Englisch
Veröffentlicht: Bratislava Veda 1995
Ausgabe:1. vyd.
Schlagworte:
Tags: Tag hinzufügen
Keine Tags, Fügen Sie das erste Tag hinzu!

MARC

LEADER 00000nam a2200000 4500
001 c010952
005 20221214071904.2
020 |a 80-224-0447-0 
041 0 |a eng 
044 |a SK 
245 1 0 |a Statistical Models with Linear Structures  |c Lubomír Kubáček, Ludmila Kubáčková, Júlia Volaufová 
250 |a 1. vyd. 
264 1 |a Bratislava  |b Veda  |c 1995 
300 |a 467 s. 
610 2 0 |a modely lineárne 
610 2 0 |a modely štatistické 
610 2 0 |a odhad štatistický 
610 2 0 |a experimenty 
610 2 0 |a súbory štatistické 
610 2 0 |a údaje štatistické 
100 1 |a Kubáček, Lubomír 
700 1 |a Kubáčková, Ludmila 
700 1 |a Volaufová, Júlia